000 02099nam a2200361 i 4500
003 DO-SdBNP
005 20250930135154.0
007 ta
008 210216b2020 dr |||gr|||| 00| jdspa d
020 _a9789945613513
040 _aDO-SdBNP
_bspa
_cBNPHU
_erda
041 _aspa
082 4 _a972.93
_bC343m
_222
100 1 _aCassá, Roberto,
_d1948-
_eautor
_910888
_4aut.
245 1 0 _aMovimientos y memorias /
_cRoberto Cassá ; prólogo, Eliades Acosta.
264 _aSanto Domingo, República Dominicana :
_bArchivo General de la Nación,
_c2020.
300 _a458 páginas ;
_c25 cm
336 _atexto
_btxt
_2rdacontent
337 _asin mediación
_bn
_2rdamedia
338 _avolumen
_bnc
_2rdacarrier
490 _aArchivo General de la Nación ;
_v383
500 _aIncluye índice onomástico.
500 _aIncluye referencias bibliográfica y notas al pié de las páginas.
504 _aBibliografía : p. 420
505 2 _aPrólogo --
_tIntroducción --
_gConferencias :
_tAspectos de la metodología de la investigación histórica --
_tFundamentos de la utopía Americana de Pedro Henríquez Ureña --
_t A cien años de la revolución --
_gCapitulos :
_tHistoriografía dominicana --
_tRebelión de los capitanes: un movimiento popular en un espacio local --
_tLa resistencia rural --
_tHacia una caracterización de la dictadura de Trujillo --
_tDe la empresa individual al conglomerado corporativo: la inversión extrajera en República Dominicana, 1880-1930 --
_tPrólogos --
_tEl Montero --
_tTrilogía patriótica --
_tRufinito --
_tAlma dominicana --
_tGuanuma -- .
_tLa sangre, una vida bajo la tiranía --
_tBibliografía --
_tay de los vencidos --
_tLos civilizadores --
_tBatey --
_tÍndice onomástico.
590 _aInventariado, 2021/MFF
650 4 _aNovela histórica dominicana
_xCritica e interpretación
_979405
650 4 _aMovimientos sociales
_zRepública Dominicana
_xHistoria
_979406
651 4 _aRepública Dominicana
_xHistoria
_9170
700 1 _aAcosta, Eliades,
_eprologuista
_977772
_4pr.
910 _aValidado. Control de calidad MFF
942 _2ddc
_cLBS1
999 _c49370
_d49370